Los cuentos de perrault : erudición y tradiciones populares /
Guardado en:
| Autor Principal: | |
|---|---|
| Formato: | Libro |
| Publicado: |
Buenos Aires :
Siglo Xxi,
1975
|
| Materias: | |
| Etiquetas: |
Agregar Etiqueta
Sin Etiquetas, Sea el primero en etiquetar este registro!
|
| LEADER | 00579nam a22001935a 4500 | ||
|---|---|---|---|
| 001 | CEM.cems009544 | ||
| 005 | 20080901085537.0 | ||
| 008 | 130507s1975##################000#0#####d | ||
| 003 | CEMS | ||
| 082 | 0 | 4 | |a 804 |
| 100 | 1 | |a Soriano, Marc | |
| 245 | 1 | 0 | |a Los cuentos de perrault : |b erudición y tradiciones populares / |c Marc Soriano |
| 260 | |a Buenos Aires : |b Siglo Xxi, |c 1975 | ||
| 300 | |a 520 p. | ||
| 653 | |a Literatura | ||
| 653 | |a Literatura folclorica | ||
| 653 | |a Literatura infantil | ||
| 653 | |a Literatura juvenil | ||
| 859 | |a CEMS |b BIB. CEMS - 11 de abril |h 804 |i So68-1 |p 19347.97 |t Ej.1 | ||
